[Event "FIDE WOMEN GRAND PRIX 2009"]
[Site "ISTANBUL"]
[Date "2009.03.09"]
[Round "3.6"]
[White "Danielian, Elina"]
[Black "Shen, Yang"]
[Result "1/2-1/2"]
[WhiteElo "2496"]
[BlackElo "2448"]
[PlyCount "128"]
[EventDate "2009.??.??"]

1. d4 d5 2. Nf3 Nf6 3. c4 c6 4. e3 Bg4 5. Nc3 e6 6. h3 Bxf3 7. Qxf3 Bb4 8. Bd3
Nbd7 9. O-O O-O 10. Bd2 Qe7 11. a3 Bxc3 12. Bxc3 e5 13. Qd1 e4 14. Be2 Rfe8 15.
Qb3 Nb6 16. Bb4 Qd7 17. cxd5 Nbxd5 18. Bd2 g6 19. Qc2 Kg7 20. a4 Re6 21. b4 a6
22. b5 axb5 23. axb5 Rxa1 24. Rxa1 cxb5 25. Qc5 Rc6 26. Qxb5 Rc2 27. Qxd7 Nxd7
28. Rd1 N7b6 29. Bb5 f5 30. Ba5 Nc8 31. Rb1 Nd6 32. Bf1 Kf6 33. Bd8+ Ke6 34.
Bh4 f4 35. exf4 Nf5 36. Bd8 Nxd4 37. Bb6 Nc3 38. Rb4 Nc6 39. Rb3 Rc1 40. g3 Nd5
41. Be3 Nxe3 42. fxe3 Ne7 43. Rb6+ Kd5 44. g4 Rc7 45. Rb5+ Kd6 46. Rb4 Nd5 47.
Rxe4 Rc1 48. Kf2 Nc3 49. Rd4+ Kc5 50. Bd3 b5 51. f5 gxf5 52. gxf5 Nd5 53. Bxb5
Rh1 54. Bf1 Nxe3 55. Kxe3 Rxf1 56. Rf4 Re1+ 57. Kf3 Kd5 58. f6 Re8 59. Kg4 Ke5
60. Rf1 Rg8+ 61. Kh5 Ke6 62. Kh6 Rg6+ 63. Kxh7 Rxf6 64. Rxf6+ Ke5 1/2-1/2

[Event "FIDE WOMEN GRAND PRIX 2009"]
[Site "ISTANBUL"]
[Date "2009.03.17"]
[Round "9.1"]
[White "Zhao, Xue"]
[Black "Koneru, Humpy"]
[Result "1/2-1/2"]
[WhiteElo "2508"]
[BlackElo "2621"]
[PlyCount "131"]
[EventDate "2009.??.??"]

1. d4 d5 2. c4 e6 3. Nf3 Nf6 4. Nc3 Bb4 5. cxd5 exd5 6. Bg5 Nbd7 7. Qa4 c5 8.
dxc5 Qa5 9. Qxa5 Bxa5 10. Bd2 Nxc5 11. Rc1 Bb6 12. e3 O-O 13. Be2 Bf5 14. O-O
Nd3 15. Bxd3 Bxd3 16. Rfd1 Rfc8 17. Be1 Bf5 18. Nd4 Be6 19. f3 a6 20. Nce2 Rxc1
21. Nxc1 Rc8 22. Nce2 Nd7 23. Bc3 Nb8 24. Kf2 Nc6 25. g4 Nxd4 26. Bxd4 Bd8 27.
Rd2 Bh4+ 28. Kf1 Kf8 29. Bc3 Bd8 30. Kf2 Bc7 31. h4 f6 32. Bd4 Ba5 33. Rd3 Rc2
34. Ra3 b6 35. Kf1 Bd7 36. Nc3 Rxb2 37. Nxd5 Bb5+ 38. Kg1 Rb1+ 39. Kh2 Bc4 40.
e4 Bxd5 41. exd5 Rd1 42. Bc3 Bxc3 43. Rxc3 Rxd5 44. Rc6 Rb5 45. Kg3 a5 46. h5
h6 47. Rc8+ Kf7 48. Rc7+ Kg8 49. Rb7 Rb4 50. Rb8+ Kh7 51. a4 Rxa4 52. Rxb6 Rb4
53. Ra6 Rb5 54. f4 f5 55. gxf5 Rxf5 56. Kg4 Rb5 57. Ra7 Rc5 58. Ra6 Rb5 59. Ra7
Rd5 60. Ra6 Rb5 61. Ra7 Kg8 62. Ra8+ Kf7 63. Ra7+ Kf6 64. Ra6+ Kf7 65. Ra7+ Kf6
66. Ra6+ 1/2-1/2

[Event "FIDE WOMEN GRAND PRIX 2009"]
[Site "ISTANBUL"]
[Date "2009.03.18"]
[Round "10.2"]
[White "Cramling, Pia"]
[Black "Mamedjarova, Zeinab"]
[Result "1/2-1/2"]
[WhiteElo "2548"]
[BlackElo "2362"]
[PlyCount "103"]
[EventDate "2009.??.??"]

1. d4 f5 2. g3 Nf6 3. Bg2 g6 4. b3 Bg7 5. Bb2 d5 6. Nh3 O-O 7. Nd2 c6 8. O-O
Ne4 9. Nf3 Nd7 10. Nf4 Ndf6 11. Ne5 g5 12. Nfd3 Qe8 13. f3 Nd6 14. c4 Be6 15.
Qc2 Rd8 16. Nc5 Bc8 17. Rae1 f4 18. e4 fxe3 19. Rxe3 b6 20. Na4 Bf5 21. Qc1
dxc4 22. bxc4 c5 23. dxc5 Qxa4 24. cxd6 exd6 25. Ra3 Qb4 26. Nd3 Bxd3 27. Rxd3
Rc8 28. Ba3 Qxc4 29. Qxc4+ Rxc4 30. Bxd6 Rd8 31. Rfd1 Rc2 32. a3 Bf8 33. Bxf8
Rxd3 34. Rxd3 Kxf8 35. Re3 Kf7 36. Bf1 h6 37. Bd3 Rc1+ 38. Kf2 Nd7 39. Be4 Nc5
40. Bd5+ Kf6 41. g4 Rd1 42. Be4 Rd2+ 43. Kg3 Ne6 44. Bd3 Nf4 45. Bf1 Rb2 46. h4
Rb1 47. hxg5+ hxg5 48. Kf2 Rb2+ 49. Kg3 Rb1 50. Kf2 Rb2+ 51. Kg3 Rb1 52. Kf2
1/2-1/2

[Event "FIDE WOMEN GRAND PRIX 2009"]
[Site "ISTANBUL"]
[Date "2009.03.19"]
[Round "11.2"]
[White "Danielian, Elina"]
[Black "Zhao Xue"]
[Result "1-0"]
[WhiteElo "2496"]
[BlackElo "2508"]
[PlyCount "75"]
[EventDate "2009.03.07"]

1. d4 Nf6 2. Nf3 e6 3. e3 b6 4. Bd3 Bb7 5. O-O c5 6. c4 Be7 7. Nc3 cxd4 8. exd4
d6 9. a3 O-O 10. d5 exd5 11. cxd5 Nbd7 12. Re1 Re8 13. Bf4 a6 14. Nd4 Bf8 15.
Rxe8 Qxe8 16. Nf5 Ne5 17. Bf1 g6 18. Bg5 Ned7 19. Nh6+ Kh8 20. Qd2 Bg7 21. Re1
Qf8 22. Qf4 Rc8 23. Qxd6 b5 24. Qxf8+ Bxf8 25. Nxf7+ Kg7 26. Ne5 Nxe5 27. Rxe5
Kf7 28. g3 h6 29. Bxf6 Kxf6 30. Re6+ Kf7 31. Rb6 Ba8 32. Bh3 Rd8 33. Be6+ Kg7
34. Rxa6 b4 35. Ra7+ Kh8 36. axb4 Bxb4 37. Ne4 Bf8 38. b4 1-0